000 00344 a2200157 4500
001 48077
020 _a9788551303498
040 _cAnchieta - Aquarius
100 _aGontijo, Silvana
240 1 0 _aComo tudo começou
_lpor
245 1 0 _aComo tudo começou
300 _a59
362 0 _a2018
650 4 _aLiteratura brasileira
942 _cBK
999 _c48077
_d48077